000 00241 a2200097 4500
001 41559
100 _aGhai, D
245 _aAfrarian Policies and Rural Poverty in Africa
260 _aGeneva
_bInternational Labour
_c
090 _c25703
_d25703
942 _aNUST-CAE
_cM
_c17451
999 _c276632
_d276632